Comentarios a la ley del suelo de Madrid (ley 9-2001, de 17 de julio /

Detalles Bibliográficos
Autor principal: Ortega Cirugeda, Juan
Otros Autores: Ortega Garca̕, ℓngel
Formato: Desconocido
Lenguaje:español
Publicado: Madrid: Montecorvo, 2001
Materias:
Acceso en línea:Acceso restringido

MARC

LEADER 00000ny a22000003n 4500
005 20110608100213.0
008 020518s2001 sp p 0 spa d
017 |a D.L.M40052-2001 
020 |a 8471114070 
035 |a 583 
040 |a UMA.DER  |d vLex 
040 |a UMA.RE  |d vLex 
080 |a 347.234(460.27)(0.034) 
080 |a 349.44(460.27)(094)(0.034) 
090 |c 558  |d 558 
100 |a Ortega Cirugeda, Juan 
245 1 0 |a Comentarios a la ley del suelo de Madrid  |h [Recurso electrn̤ico]  |b (ley 9-2001, de 17 de julio /  |c ℓngel Ortega Garca̕, Juan Ortega Cirugeda 
256 |a Servicio en ln̕ea 
260 |a Madrid:  |b Montecorvo,  |c 2001 
300 |a 273 p. ;  |c 24 cm 
506 1 |a Contenido solo disponible en los productos indicados  |d vLex Global  |d vLex Global (Academic Edition, excluding Law Schools)  |d vLex Global (U.S. Academic Edition, Law Schools)  |d vLex Global (U.S. Academic Edition, excluding Law Schools)  |d vLex Global (Academic Edition, Law Schools) 
650 0 7 |a Inmobiliario y registral  |2 Tesauro vLex 
650 0 7 |a Solar  |2 Tesauro vLex 
650 0 7 |a Suelo  |2 Tesauro vLex 
650 0 7 |a Ordenacin̤ urbana  |2 Tesauro vLex 
700 1 |a Ortega Garca̕, ℓngel 
740 0 |a vLex Libros (Servicios en ln̕ea) 
856 4 0 |u http://vlex.com/source/583  |z Acceso restringido 
942 |c BOOK 
999 0 |a Law  |b Madrid